000 00421nam a2200181Ia 4500
001 19758
005 20260306172716.0
008 260306t2013||||xx |||||||||||||| ||spa||
041 _aESP
082 _a341
_bT22
100 _aTarello, Giovanni
_eAUT
245 0 _aLa interpretación de la ley
260 _c2013
300 _a396 pƔginas :
_c24 cm.
650 _aGEN
654 _aCDE
942 _cLIB
_dJUS
_fJUS
_2ddc
_n
999 _c19758
_d19758